Curious George : (Record no. 4350)

MARC details
000 -LEADER
fixed length control field 01759cam a22004817a 4500
001 - CONTROL NUMBER
control field 4350
003 - CONTROL NUMBER IDENTIFIER
control field FISKH
005 - DATE AND TIME OF LATEST TRANSACTION
control field 20240731102539.0
008 - FIXED-LENGTH DATA ELEMENTS--GENERAL INFORMATION
fixed length control field 140519s2013 nyua b 000 1 eng d
010 ## - LIBRARY OF CONGRESS CONTROL NUMBER
LC control number 2014381465
020 ## - INTERNATIONAL STANDARD BOOK NUMBER
International Standard Book Number 9781451798326 (PawPrnt)
020 ## - INTERNATIONAL STANDARD BOOK NUMBER
International Standard Book Number 1451798326 (PawPrnt)
020 ## - INTERNATIONAL STANDARD BOOK NUMBER
International Standard Book Number 9780547968209 (pbk.)
020 ## - INTERNATIONAL STANDARD BOOK NUMBER
International Standard Book Number 0547968205 (pbk.)
020 ## - INTERNATIONAL STANDARD BOOK NUMBER
International Standard Book Number 9780547968193 (paperoverboard)
020 ## - INTERNATIONAL STANDARD BOOK NUMBER
International Standard Book Number 0547968191
040 ## - CATALOGING SOURCE
Original cataloging agency BTCTA
Language of cataloging eng
Transcribing agency BTCTA
Modifying agency OCO
-- JAO
-- BUL
-- IUK
-- IEP
-- IGP
-- YDXCP
-- OCLCF
-- DLC
050 ## - LIBRARY OF CONGRESS CALL NUMBER
Classification number PZ7
082 ## - DEWEY DECIMAL CLASSIFICATION NUMBER
Classification number 782.42
100 1# - MAIN ENTRY--PERSONAL NAME
Personal name Greku, Borana.
245 10 - TITLE STATEMENT
Title Curious George :
Remainder of title dance party /
Statement of responsibility, etc. adaptation by Borana Greku and Alessandra Preziosi.
260 ## - PUBLICATION, DISTRIBUTION, ETC.
Place of publication, distribution, etc. Boston :
Name of publisher, distributor, etc. Houghton Mifflin Harcourt,
Date of publication, distribution, etc. 2013.
300 ## - PHYSICAL DESCRIPTION
Extent 24 pages :
Other physical details color illustrations ;
Dimensions 23 cm
490 1# - SERIES STATEMENT
Series statement Green light readers. Level 1
500 ## - GENERAL NOTE
General note "Based on the TV series teleplay written by Raye Lankford."
505 ## - FORMATTED CONTENTS NOTE
Formatted contents note K<br/>
520 ## - SUMMARY, ETC.
Summary, etc. Curious George loves to dance! But when his friend Bill doesn't want to go to the dance party, George teaches him that learning to dance with friends can be fun.
521 2# - TARGET AUDIENCE NOTE
Target audience note 510<br/>
Source Lexile AD<br/>
521 2# - TARGET AUDIENCE NOTE
Target audience note K<br/>
Source Raz-Plus<br/>
600 00 - SUBJECT ADDED ENTRY--PERSONAL NAME
Personal name Curious George
Titles and other words associated with a name (Fictitious character)
Form subdivision Juvenile fiction.
650 #0 - SUBJECT ADDED ENTRY--TOPICAL TERM
Topical term or geographic name entry element Dance
Form subdivision Juvenile fiction.
650 #0 - SUBJECT ADDED ENTRY--TOPICAL TERM
Topical term or geographic name entry element Pattern perception
Form subdivision Juvenile fiction.
650 #7 - SUBJECT ADDED ENTRY--TOPICAL TERM
Topical term or geographic name entry element Curious George (Fictitious character)
Source of heading or term fast
650 #7 - SUBJECT ADDED ENTRY--TOPICAL TERM
Topical term or geographic name entry element Dance.
Source of heading or term fast
650 #7 - SUBJECT ADDED ENTRY--TOPICAL TERM
Topical term or geographic name entry element Pattern perception.
Source of heading or term fast
655 #7 - INDEX TERM--GENRE/FORM
Genre/form data or focus term Fiction.
Source of term fast
655 #7 - INDEX TERM--GENRE/FORM
Genre/form data or focus term Juvenile works.
Source of term fast
655 #7 - INDEX TERM--GENRE/FORM
Genre/form data or focus term Radio and television novels.
Source of term gsafd
700 1# - ADDED ENTRY--PERSONAL NAME
Personal name Preziosi, Alessandra.
Relator term Author
906 ## - LOCAL DATA ELEMENT F, LDF (RLIN)
a 7
b cbc
c copycat
d 2
e ncip
f 20
g y-gencatlg
942 ## - ADDED ENTRY ELEMENTS (KOHA)
Source of classification or shelving scheme Dewey Decimal Classification
Koha item type Books
Suppress in OPAC No
Holdings
Withdrawn status Lost status Source of classification or shelving scheme Damaged status Not for loan Collection Home library Current library Shelving location Date acquired Total Checkouts Full call number Barcode Date last seen Date last checked out Price effective from Koha item type
    Dewey Decimal Classification     Juvenile Fiction Footprints International School Library Network Toul Kork Campus Footprints International School Library Network Toul Kork Campus TK Primary Library Room(4th Floor), Bookcase 3&4, Shelves 17-32, Yellow Books 07/31/2024 1 GRE 782.42 PZ7 FISTK01546 09/06/2024 08/12/2024 07/31/2024 Books